Normal view MARC view
  • Olaya Gualteros, Vladimir

Entry Nombre Personal

Number of records used in: 2

001 - NUMERO DE CONTROL

  • campo de control: 50810

003 - IDENTIFICADOR DE NUMERO DE CONTROL

  • campo de control: DLC

005 - FECHA Y HORA DE LA ÜLTIMA TRANSACCIÓN

  • campo de control: 20240111183259.0

008 - DATOS DE LONGITUD FIJA

  • campo de control de longitud fija: 140716nn acnnnaabn n aaa c

010 ## - NÚMERO DE CONTROL DE LA BIBLIOTECA DEL CONGRESO

  • Número de control LC: no2014094169

035 ## - NUMERO DE CONTROL

  • Número de control: (OCoLC)oca09908881

040 ## - FUENTE DE CATALOGACIÓN

  • Agencia original de catalogación: NcU
  • Lenguaje de catalogación: spa
  • Description conventions: rda
  • Agencia de transcripción: NcU
  • Agencia que lo modifica: MX-MxUPN

100 1# - ENCABEZAMIENTO - NOMBRE PERSONAL

  • Nombre personal: Olaya Gualteros, Vladimir

370 ## - LUGAR ASOCIADO

  • Associated country: Colombia

377 ## - LENGUA ASOCIADA

  • Language code: spa

400 1# - VEÁSE - NOMBRE DE PERSONA

  • Personal name: Gualteros, Vladimir Olaya

670 ## - FUENTE EN LA QUE SE LOCALIZARON DATOS

  • Cita de la fuente: Memoria y formación, 2013:
  • Información localizada: portada (Vladimir Olaya Gualteros) los autores (Magíster en Educación de la Universidad Pedagógica Nacional (UPN). Estudiante de Doctorado de la Universidad Pedagógica Nacional (UPN). Profesor de la Maestría en Educación de la Universidad Pedagógica Nacional (UPN)).

902 ## - CATALOGADOR

  • Catalogador: VíctorGodínez/110124